000 00402nam a22001577a 4500
003 OSt
005 20230331115245.0
008 230331b |||||||| |||| 00| 0 eng d
020 _a978-0-19-839291-0
040 _cCML
082 _a540CLU
245 _aADVANCED CHEMISTRY
_cBY CLUGSTON,MICHAEL AND FLEMMING, ROSALIND
260 _aNEW YORK
_bOXFORD PRESS
300 _b616p.
942 _2ddc
_cBK
_k540
_mCLU
999 _c3968
_d3968